ბათუმის შოთა რუსთაველის სახელმწიფო უნივერსიტეტის ბიბლიოთეკა

ჩანაწერი Personal Name

ჩანაწერთა რაოდენობა, რომელიც გამოყენებულია: 1

001 - CONTROL NUMBER

  • control field: 10320

003 - CONTROL NUMBER IDENTIFIER

  • control field: GE_BSU

005 - DATE AND TIME OF LATEST TRANSACTION

  • control field: 20210303200136.0

008 - FIXED-LENGTH DATA ELEMENTS

  • fixed length control field: 210303|| aca||aabn | a|a d

040 ## - CATALOGING SOURCE

  • Original cataloging agency: GE_BSU
  • Transcribing agency: GE_BSU

100 ## - HEADING--PERSONAL NAME

  • Personal name: Spratt, Jonathan D.
  • Relator term: By

670 ## - SOURCE DATA FOUND

  • Source citation: Work cat.: (GE_BSU)53635: Abrahams, Peter H. 10318, McMinn's Clinical Atlas of Human Anatomy with DVD /